| 000 | 00709nam a22002177a 4500 | ||
|---|---|---|---|
| 005 | 20140310183634.0 | ||
| 008 | 131123b xxu||||| |||| 00| 0 eng d | ||
| 020 | _a9781848213241 | ||
| 050 |
_aQA 76.76.T48 _b.H767 2012 |
||
| 100 | _aHomè̀s, Bernard. | ||
| 245 |
_aFundamental of software testing / _cBernard Homè̀s. |
||
| 260 |
_aHoboken, NJ : _bISTE/Wiley, _c2012. |
||
| 300 |
_axxix, 342 p. : _bill. |
||
| 504 | _aIncludes Bibliographic References and Index. | ||
| 521 | _aIT | ||
| 650 |
_aComputer software _xTesting. |
||
| 650 | _aCOMPUTERS / Programming / Open Source. | ||
| 650 | _aCOMPUTERS / Software Development & Engineering / General. | ||
| 942 |
_2lcc _cBK _kFOR |
||
| 999 |
_c25670 _d25670 |
||